33 základních rad jak úspěšně prezentovat

Gespeichert in:
Bibliographische Detailangaben
1. Verfasser: Bělohlávková, Věra (Verfasst von)
Format: Buch
Sprache:Tschechisch
Veröffentlicht: Brno : Computer Press, 2004
Ausgabe:1. vyd
Schlagworte:
Tags: Tag hinzufügen
Keine Tags, Fügen Sie das erste Tag hinzu!

MARC

LEADER 00000nam a22000003a 4500
001 stu101813
005 20150617225822.9
008 060103s2004----xr------------------cze-d
020 |a 80-251-0326-9 
040 |a STU  |b slo 
041 0 |a cze 
044 |a xr 
080 |a 159.9 
100 1 |a Bělohlávková, Věra  |4 aut 
245 1 |a 33 základních rad jak úspěšně prezentovat 
250 |a 1. vyd 
260 |a Brno :  |b Computer Press,  |c 2004 
300 |a 110 s 
650 7 |a psychológia obchodu  |2 stusub 
996 |b 284M063885  |c M*11770-1  |l MMKN  |s A  |a 24  |w stu101813_0001